01565cam a22003614a 450000100090000000300040000900500170001300800410003001000170007102000150008804000180010304200080012104300210012905000240015008200200017410000160019424500550021026000630026530000410032850001190036950001670048850000950065550400510075065000310080165000390083265000360087165000440090765100500095165100650100170000240106671000380109085600750112813655707OSt20180117085940.0040715s2005 enkab b i101 0 eng  a 2004054865 a184542123X aDLCcDLCdDLC apcc aa------ap------00aHC415.P6bP687 200500a339.4/6/095222 4John Weiss.00aPoverty targeting in Asia /cedited by John Weiss. aCheltenham, UK ;aNorthampton, MA :bEdward Elgar,cc2005. axvii, 282 p. :bill., maps ;c24 cm. aFive countries selected for study: India, Indonesia, the Peoples Republic of China, the Philippines, and Thailand. aEdited versions of papers presented at an Asian Development Bank Institute (ADBI) workshop in November 2003 and a conference in December 2003, both held in Tokyo. a"A joint publication of the Asian Development Bank Institute and Edward Elgar Publishing." aIncludes bibliographical references and index. 0aPovertyzAsiavCongresses. 0aPovertyzPacific AreavCongresses. 0aMicrofinancezAsiavCongresses. 0aMicrofinancezPacific AreavCongresses. 0aAsiaxEconomic conditionsy1945-vCongresses. 0aPacific AreaxEconomic conditionsy20th centuryvCongresses.1 aWeiss, John,d1948-2 aAsian Development Bank Institute.413Table of contentsuhttp://www.loc.gov/catdir/toc/fy054/2004054865.html